住みたい街ランキングTOP50-2022年 - Statistics

General Stats
  • This quiz has been taken 47 times
  • The average score is 46 of 50
Answer Stats
順位 得票数 都道府県 自治体名 % Correct
1位 1,109 福岡県 福岡市
100%
2位 835 沖縄県 那覇市
100%
3位 625 神奈川県 横浜市
100%
4位 572 宮城県 仙台市
100%
5位 372 北海道 札幌市
100%
6位 371 大阪府 大阪市
100%
8位 294 京都府 京都市
100%
9位 268 兵庫県 神戸市
100%
14位 202 愛知県 名古屋市
100%
33位 79 千葉県 千葉市
100%
10位 222 東京都 新宿区
98%
12位 209 埼玉県 さいたま市
98%
19位 152 石川県 金沢市
98%
21位 131 静岡県 静岡市
98%
40位 69 愛媛県 松山市
98%
40位 69 長崎県 長崎市
98%
45位 64 神奈川県 川崎市
98%
20位 149 広島県 広島市
95%
25位 98 長野県 長野市
95%
27位 93 岡山県 岡山市
95%
30位 84 熊本県 熊本市
95%
34位 78 長野県 松本市
95%
36位 71 宮崎県 宮崎市
95%
38位 70 鹿児島県 鹿児島市
95%
38位 70 奈良県 奈良市
95%
47位 63 大分県 大分市
95%
7位 320 東京都 港区
93%
11位 215 東京都 千代田区
93%
35位 73 福岡県 北九州市
93%
36位 71 北海道 函館市
93%
44位 66 静岡県 浜松市
93%
48位 60 富山県 富山市
93%
15位 201 東京都 世田谷区
90%
15位 201 東京都 渋谷区
90%
22位 123 東京都 目黒区
90%
49位 57 大分県 別府市
90%
13位 205 東京都 中央区
88%
30位 84 東京都 品川区
88%
17位 194 神奈川県 鎌倉市
86%
45位 64 神奈川県 藤沢市
86%
18位 186 千葉県 浦安市
83%
50位 52 東京都 豊島区
83%
26位 96 静岡県 熱海市
81%
29位 85 兵庫県 西宮市
81%
32位 80 東京都 杉並区
81%
40位 69 東京都 台東区
81%
24位 101 長野県 軽井沢町
76%
23位 114 東京都 武蔵野市
69%
27位 93 沖縄県 石垣市
67%
43位 67 沖縄県 宮古島市
57%
No matching quizzes found
Score Distribution
Percent of People with Each Score
Percentile by Number Answered
Your Score History
You have not taken this quiz